Trh práce a nedostatok kvalifikovanej sily

Prehlbujúce sa problémy s nedostatkom kvalifikovanej pracovnej sily vo vydavateľsko-tlačiarenskom komplexe rezonujú zo strany zamestnávateľov intenzívnejšie, ako tomu bolo pred rokom 2016. Zamestnávatelia chcú kvalifikovaných. Kritický stav je v profesii knihár.

Enregistré dans:
Détails bibliographiques
Auteur principal: Šíp, Roman
Format: Chapitre de livre
Langue:slovaque
Sujets:
Tags: Ajouter un tag
Pas de tags, Soyez le premier à ajouter un tag!

MARC

LEADER 00000naa a2200000 4500
001 0229861
005 20240502073759.7
041 0 |a slo 
044 |a SK 
245 1 0 |a Trh práce a nedostatok kvalifikovanej sily  |c Roman Šíp 
520 |a Prehlbujúce sa problémy s nedostatkom kvalifikovanej pracovnej sily vo vydavateľsko-tlačiarenskom komplexe rezonujú zo strany zamestnávateľov intenzívnejšie, ako tomu bolo pred rokom 2016. Zamestnávatelia chcú kvalifikovaných. Kritický stav je v profesii knihár. 
610 2 0 |a trh práce 
610 2 0 |a priemysel polygrafický 
610 2 0 |a pracovníci kvalifikovaní 
100 1 |a Šíp, Roman